[Event "Bled/Rogaska Slatina"]
[Site "Bled"]
[Date "1991.??.??"]
[Round "4"]
[White "Kozul, Zdenko"]
[Black "Hansen, Lars Bo"]
[Result "0-1"]
[WhiteElo "2580"]
[BlackElo "2525"]
[Annotator "Schussler,H"]
[PlyCount "122"]
[EventDate "1991.06.??"]
[EventType "tourn"]
[EventRounds "13"]
[EventCountry "SLO"]
[EventCategory "12"]
[SourceTitle "CBM 024"]
[Source "ChessBase"]
[SourceDate "1991.10.01"]
[SourceVersion "1"]
[SourceVersionDate "1991.10.01"]
[SourceQuality "1"]

1. d4 e6 2. c4 f5 3. g3 Nf6 4. Bg2 c6 5. Nf3 d5 6. O-O Bd6 7. Nbd2 {One
popular idea is to exchange the black-squared bishop. This is possible to do
in at least three different ways. For ...Bc1-a3 see CBM 24/game 815, for ...
Bc1-f4 see CBM 24/game 116 and for Bc1-g5 see CBM 24/game 793.} Nbd7 8. Qc2 O-O
9. Nb3 {Highly unusual and a bit doubtful. Black normally plays b7-b6 anyway,
and the N then looks stupid on b3.} Ne4 10. Ne1 Qe7 11. Nd3 b6 12. Be3 Ba6 $1 {
Well calculated. The B is more active at a6, especially when White hasn`t
played b2-b3.} 13. c5 Bb8 14. cxb6 axb6 15. Qxc6 Bxg3 $1 16. Qc2 {A sad
retreat, but 16.hxg3 is met by 16. - Rfc8 17.Qxa4 Bxc3 - + .} Bd6 17. f4 Rac8
$17 18. Qd1 Qh4 19. Ne5 Ndf6 20. Nd2 Ng4 21. Nxg4 Qxg4 22. Rf3 Rc7 23. Kh1 {
Even worse is 23.Rc1 Bxe2 - + .} Rfc8 24. Bf1 Rc2 25. Nxe4 dxe4 26. Rf2 Bb7 27.
a4 Bd5 $19 28. a5 bxa5 29. Rxa5 Rxb2 30. Qa4 Bf8 31. Rg2 Qh5 32. Ra7 Qe8 33.
Qa1 Rcb8 34. Kg1 R2b7 35. Ra5 Rb5 36. Ra7 R5b7 37. Ra5 Rb3 $1 38. Qc1 (38. Bc1
Rb1 39. Qc3 Bb4 $19) 38... Rc8 {39.Qd2 Bb4 - + .} 39. Rc5 Bxc5 40. dxc5 Rxe3
41. Qxe3 Qe7 42. Qd4 Rxc5 43. e3 h6 44. h3 Rc1 45. Qb2 Qc7 46. Rg3 Kh7 47. h4
Qc3 48. Qxc3 Rxc3 49. Kf2 Bc4 50. Bxc4 Rxc4 51. h5 Rc2+ 52. Kg1 Kg8 53. Kh1 Kf7
54. Kg1 Ra2 55. Kh1 Rf2 56. Kg1 Rf3 57. Rxf3 exf3 58. Kf2 g5 59. hxg6+ Kxg6 60.
Kxf3 Kf6 61. Kg3 Ke7 0-1

[Event "Haninge"]
[Site "Haninge"]
[Date "1990.??.??"]
[Round "10"]
[White "Karpov, Anatoly"]
[Black "Karlsson, Lars"]
[Result "1/2-1/2"]
[WhiteElo "2730"]
[BlackElo "2520"]
[Annotator "Schussler,H"]
[PlyCount "147"]
[EventDate "1990.05.??"]
[EventType "tourn"]
[EventRounds "11"]
[EventCountry "SWE"]
[EventCategory "14"]
[SourceTitle "CBM 018"]
[Source "ChessBase"]
[SourceDate "1990.10.01"]
[SourceVersion "1"]
[SourceVersionDate "1990.10.01"]
[SourceQuality "1"]

1. d4 e6 2. Nf3 f5 3. g3 Nf6 4. Bg2 d5 5. O-O Bd6 6. b3 O-O 7. c4 b6 $5 {
Delaying c7-c6 saves time and keeps the possibility of recapturing with the
c-pawn after a later Bc1-a3xd6 by White.} 8. Qc2 Qe7 9. Ne5 {9.Nc3 threatening
10.Nb5 is more active and might be more precise.} Bb7 10. Bf4 Nh5 11. Bd2 Nd7
12. Nxd7 Qxd7 13. Nc3 c6 14. Na4 {Threatening 15.c5.} Be7 15. Rad1 Rac8 16. Nb2
Rfd8 17. Nd3 Qe8 18. a4 Nf6 19. Bf4 {19.c5! gives White a slight initiative.}
c5 20. dxc5 bxc5 21. Be5 Ne4 22. f3 Nf6 23. Nf4 Qf7 24. e3 Nd7 25. Nd3 dxc4 26.
bxc4 (26. Qxc4 Nb6 $1 27. Qc2 Nd5 28. Rfe1 $10) 26... Nxe5 27. Nxe5 Qe8 28. Rb1
Ba8 29. Rfd1 Bf6 30. Rxd8 Rxd8 31. Nd3 Bg5 32. Kf2 Qe7 33. f4 Bxg2 34. Kxg2 Qd6
$1 {34.-Bf6 35.Rb5!} 35. Ne5 Bf6 36. Nf3 h6 37. h4 Qc6 38. Kf2 Qe4 39. Qxe4
fxe4 40. Ng1 Rd2+ 41. Ne2 Rc2 (41... Ra2 42. Rb8+ Kh7 43. Rc8 Rxa4 44. Rxc5 $16
{Black has problems as he hasn`t got h6-h5 in (Karlsson).}) 42. Rb7 Rxc4 43.
Rxa7 h5 44. a5 Ra4 45. a6 Kh7 46. Rc7 Rxa6 47. Rxc5 Kg6 48. f5+ $1 $14 exf5 49.
Nf4+ Kf7 50. Rxf5 Ra2+ 51. Kf1 Ra1+ 52. Kg2 Ra2+ 53. Kh3 Ra3 54. Ng2 (54. Nd5
Rd3 55. Rxh5 g6 56. Rh7+ Bg7 57. h5 Rxd5 58. h6 Rh5+ $19 {(Karlsson)}) 54... g6
55. Rb5 Ra7 56. Nf4 Re7 57. Nd5 Rd7 58. g4 hxg4+ 59. Kxg4 Be5 $1 60. Nf4 Bxf4
61. Kxf4 Rd1 62. Rg5 Rh1 63. Rg4 Rh3 64. Kxe4 Kf6 65. Kd4 Rh1 (65... Kf5 $5 66.
Rf4+ Ke6 $10) 66. Kd5 Ra1 67. Rf4+ Ke7 68. Rc4 Ra5+ 69. Rc5 Ra3 70. e4 Rh3 71.
Rc7+ Kf8 72. e5 Rxh4 73. Ke6 Re4 74. Kf6 1/2-1/2

[Event "Hoogovens-B"]
[Site "Wijk aan Zee"]
[Date "1990.01.??"]
[Round "7"]
[White "Van der Sterren, Paul"]
[Black "Winants, Luc"]
[Result "1-0"]
[WhiteElo "2515"]
[BlackElo "2455"]
[Annotator "Schussler,H"]
[PlyCount "101"]
[EventDate "1990.01.??"]
[EventType "tourn"]
[EventRounds "11"]
[EventCountry "NED"]
[EventCategory "9"]
[SourceTitle "CBM 017"]
[Source "ChessBase"]
[SourceDate "1990.08.01"]
[SourceVersion "1"]
[SourceVersionDate "1990.08.01"]
[SourceQuality "1"]

1. d4 f5 2. g3 e6 3. Bg2 Nf6 4. c4 c6 5. Nf3 d5 6. O-O Bd6 7. Bf4 Bxf4 8. gxf4
Nbd7 9. e3 b6 10. cxd5 cxd5 11. Qa4 Bb7 12. Qa3 Qe7 13. Rc1 Qxa3 14. Nxa3 Kd8
15. Nb5 Ne8 16. Ng5 Ke7 17. Nc7 Nxc7 18. Rxc7 Rab8 19. Rac1 Rhc8 20. Nxh7 Rxc7
21. Rxc7 Kd6 22. Rc3 Rc8 23. Rxc8 Bxc8 24. Bf1 Nb8 25. Ng5 Ba6 26. Nf7+ Ke7 27.
Ne5 Bb7 28. Bb5 Ba8 29. Kg2 Kf6 30. Kg3 Bb7 31. Kh4 Ba8 32. Kg3 Bb7 33. Kh4 Ba8
34. a3 Bb7 35. Kh5 Ba8 36. Kh4 Bb7 37. Kh5 Ba8 38. h3 Bb7 39. Kh4 Ba8 40. Kg3
Bb7 41. Kh4 Ba8 42. Kh5 Bb7 43. b4 Ba8 44. Nd7+ Nxd7 45. Bxd7 Bb7 46. b5 $1 $18
a6 47. a4 axb5 48. axb5 Ke7 49. Kg6 Kxd7 50. Kxg7 Bc6 51. h4 $1 1-0

[Event "Hastings 9091"]
[Site "Hastings"]
[Date "1990.12.??"]
[Round "1"]
[White "Olafsson, Helgi"]
[Black "Chandler, Murray G"]
[Result "1-0"]
[WhiteElo "2595"]
[BlackElo "2560"]
[Annotator "Schussler,H"]
[PlyCount "63"]
[EventDate "1990.12.??"]
[EventType "tourn"]
[EventRounds "14"]
[EventCountry "ENG"]
[EventCategory "13"]
[SourceTitle "CBM 022"]
[Source "ChessBase"]
[SourceDate "1991.06.01"]
[SourceVersion "1"]
[SourceVersionDate "1991.06.01"]
[SourceQuality "1"]

1. d4 f5 2. g3 Nf6 3. Bg2 e6 4. Nf3 d5 5. O-O Bd6 6. c4 c6 7. Bf4 Bxf4 8. gxf4
O-O 9. Nbd2 Nbd7 10. b4 $5 {Planning to sacrifice a pawn.} a5 11. a3 axb4 12.
axb4 Rxa1 13. Qxa1 dxc4 14. Nxc4 Nd5 15. e3 Nxb4 16. Rb1 Nd5 17. Qa3 N7f6 18.
Nfe5 Ne8 $14 19. Qc5 Nec7 20. Nd6 Na6 21. Nxb7 $5 Bxb7 22. Qa7 Bc8 23. Nxc6 Qe8
24. Bxd5 exd5 25. Ne5 Qh5 26. Qa8 Nc7 27. Qc6 Ne6 28. Qxd5 Kh8 29. Qd6 g5 30.
d5 gxf4 31. dxe6 Rg8+ 32. Kh1 1-0

[Event "URS-chT Republics 19th final B"]
[Site "Azov"]
[Date "1991.??.??"]
[Round "?"]
[White "Kakageldyev, Amanmurad"]
[Black "Zilberman, Nathan R"]
[Result "1-0"]
[WhiteElo "2350"]
[BlackElo "2400"]
[Annotator "Schussler,H"]
[PlyCount "106"]
[EventDate "1991.??.??"]
[EventType "team-tourn"]
[EventRounds "4"]
[EventCountry "URS"]
[SourceTitle "EXT 2020"]
[Source "ChessBase"]
[SourceDate "2019.10.17"]
[SourceVersion "1"]
[SourceVersionDate "2019.10.17"]
[SourceQuality "1"]
[WhiteTeam "Turkmenistan"]
[BlackTeam "Kirgizia"]
[WhiteTeamCountry "TKM"]
[BlackTeamCountry "KGZ"]

1. d4 e6 2. c4 f5 3. Nf3 {The set-up with h3 (preparing f4) was tried in Kozul,
Z-Bareev,E CBM 25/game 134 and Khenkin,I-Dahl,I, CBM 25/game 410.} Nf6 4. g3 d5
5. Bg2 c6 6. O-O Bd6 {For the main-line 7. c2 followed by bd2 and b3 see
Klauser,M-Hansen,LB CBN 25/game 201 and Remlinger,L-Sjodell,U CBM 25/game 462
and (similar) Smyslov,V- Padevsky,N CBM 25/game 578. White didn`t get much in
these games.} 7. b3 Qe7 8. c5 $5 {Another interesting idea, 8.a4 b6 9.a5!?,
was tried in Kakageldyev,A- Nevednichy,V CBM 25/game 800.} Bc7 9. Bf4 Bxf4 10.
gxf4 O-O {More enterprising is 10. - b6!?, intending 11.b4 a5!} 11. Nc3 Ne4 12.
Qc1 Nd7 13. b4 {Compare with Tisdall,J-Dittmar,P CBM 25/game 502. White has
more play here because of his advanced Queenside s.} Kh8 14. a4 b6 15. b5 {
Very risky!} bxc5 16. bxc6 Nb6 17. dxc5 Nc4 18. Nxe4 fxe4 19. Nd2 Na5 20. f3
exf3 21. Rxf3 Nxc6 22. e3 Ba6 $10 23. Qc3 Rac8 24. Rc1 Qc7 25. Rh3 Be2 26. Bf3
d4 27. Qc2 d3 28. Qc4 e5 29. Bxe2 dxe2 30. Qxe2 exf4 31. exf4 Qxf4 32. Rc4 Nd4
33. Qe4 Qg5+ 34. Kh1 Nf5 35. Nf3 Qf6 36. Rc1 Rce8 37. Qd5 Re3 38. c6 Ne7 39.
Qh5 h6 40. c7 Rc3 41. Rxc3 Qxc3 42. Qe5 Qc1+ 43. Kg2 Ng6 44. Qd6 Qc2+ 45. Kg1
Qf5 46. Rg3 Nh4 47. Nd2 Re8 48. Nf1 Nf3+ 49. Kh1 Kh7 50. Qc6 Re1 51. Rg1 Qd3
52. c8=Q Rxf1 53. Qxh6+ Kxh6 1-0

[Event "Belgrade Investbank"]
[Site "Belgrade"]
[Date "1989.11.??"]
[Round "9"]
[White "Kozul, Zdenko"]
[Black "Jussupow, Artur"]
[Result "1-0"]
[WhiteElo "2560"]
[BlackElo "2610"]
[Annotator "Schussler,H"]
[PlyCount "79"]
[EventDate "1989.11.??"]
[EventType "tourn"]
[EventRounds "11"]
[EventCountry "YUG"]
[EventCategory "15"]
[SourceTitle "CBM 016"]
[Source "ChessBase"]
[SourceDate "1990.06.01"]
[SourceVersion "1"]
[SourceVersionDate "1990.06.01"]
[SourceQuality "1"]

1. d4 e6 2. c4 f5 3. g3 Nf6 4. Bg2 d5 5. Nf3 c6 6. O-O Bd6 7. Nbd2 Nbd7 8. Qc2
O-O 9. b3 Qe7 10. a4 {Besides increasing White`s chances to play Ba3 the move
a4 is directed against b6. Nowaydays the developing scheme with Bb7 or Ba6 is
much more popular than the classical manouvre Bc8-d7-e8-h5.} b6 {10. - a5!?.}
11. a5 Ba6 12. Bb2 Rfc8 13. Rfc1 Ne4 14. Qd3 {Threatening 15. axb6 followed by
16. Rxa6.} Bb4 $2 {14. - b5 15. c5 is only slightly better for White.} 15. axb6
axb6 16. Rxa6 Rxa6 17. cxd5 Ra2 18. Rxc6 Rca8 (18... Rxc6 19. dxc6 Rxb2 20. c7
$1 Qe8 21. Qc4 $18) 19. dxe6 Ndf6 20. Qc2 Qe8 21. Nxe4 fxe4 22. Ne5 Ba3 23. e7
b5 {Stops 24. Qc4+.} 24. Bh3 Rxb2 25. Be6+ Kh8 26. Qc1 (26. Qxb2 Bxb2 27. Nf7+
Kg8 28. Nd6+ Kh8 29. Nxe8 Rxe8 30. Bf7 $18) 26... Ra2 27. Qg5 Qxe7 28. Qh4 g5
29. Qxg5 Rf8 30. Rc8 Rxc8 (30... Qxe6 31. Ng6+ hxg6 32. Qh6+ Nh7 $19) 31. Nf7+
Qxf7 32. Bxf7 Be7 33. Qxb5 Kg7 34. Bc4 Ra7 35. Qe5 Rf8 36. g4 h6 37. h4 Kh7 38.
Be6 Ne8 39. Bf5+ Kg8 40. Qe6+ 1-0

[Event "Interzonal-15"]
[Site "Manila"]
[Date "1990.??.??"]
[Round "4"]
[White "Ftacnik, Lubomir"]
[Black "Rechlis, Gad"]
[Result "0-1"]
[WhiteElo "2550"]
[BlackElo "2505"]
[Annotator "Schussler,H"]
[PlyCount "158"]
[EventDate "1990.06.29"]
[EventType "swiss"]
[EventRounds "13"]
[EventCountry "PHI"]
[SourceTitle "CBM 019"]
[Source "ChessBase"]
[SourceDate "1990.12.01"]
[SourceVersion "1"]
[SourceVersionDate "1990.12.01"]
[SourceQuality "1"]

1. d4 f5 2. g3 Nf6 3. Bg2 e6 4. c4 c6 5. Nf3 d5 6. O-O Bd6 7. b3 Qe7 8. Bb2 O-O
9. Qc1 Bd7 10. Ba3 Be8 11. Bxd6 Qxd6 12. Qa3 Qxa3 13. Nxa3 Bh5 14. Ng5 Re8 15.
Rfe1 Na6 16. Nh3 {An alternativ is 16.Nc2!? Bg4!? with complicated play.} Nb4
17. Nf4 dxc4 18. Nxh5 Nxh5 19. bxc4 Rad8 20. Red1 e5 21. dxe5 Rxd1+ 22. Rxd1
Rxe5 23. Rd7 Rxe2 24. Rxb7 a5 25. Ra7 Nf6 26. c5 Rxa2 27. Rxa5 Ne4 28. Nc4 Rxa5
29. Nxa5 Kf7 30. g4 g6 31. gxf5 gxf5 32. Kf1 Ke6 33. f4 Kd5 34. Bh3 Nc2 35. Ke2
Nd4+ 36. Ke3 Nxc5 37. Nxc6 Nxc6 38. Bxf5 h6 39. Kf3 Nd4+ 40. Kg4 Ne4 41. Bg6
Nf6+ 42. Kg3 Nb5 43. Kf3 Kd4 44. Bb1 Kc3 45. Ke3 Nd6 46. Bg6 Nd5+ 47. Kf3 Kd2
48. Bb1 Nf6 49. Bg6 Nb5 50. Bb1 Nd4+ 51. Kf2 Nh5 52. Be4 Nxf4 53. Bb7 Nd3+ 54.
Kg3 Ke3 55. Kg4 Nf4 56. Ba8 h5+ 57. Kh4 Nf3+ 58. Kg3 Ne2+ 59. Kg2 Nh4+ 60. Kf1
Nf4 61. Kg1 Nf3+ 62. Kh1 Kf2 63. Bc6 h4 64. Bb5 Nh5 65. Ba6 Nf4 (65... Ng3+ 66.
hxg3 hxg3 67. Bf1 $10) 66. Bc8 Ne2 67. Bg4 Ned4 68. Bc8 Nd2 69. Bg4 Nf1 70. Bh3
Nf3 71. Bg2 Ke2 72. Bh3 N1xh2 73. Kg2 Nf1 74. Bc8 N1d2 75. Kh3 Ke3 76. Kg4 Ne4
77. Kh5 Kf4 78. Bh3 Kg3 79. Bc8 Nf6+ 0-1

[Event "Hoogovens-B"]
[Site "Wijk aan Zee"]
[Date "1991.01.??"]
[Round "7"]
[White "Van der Sterren, Paul"]
[Black "Tukmakov, Vladimir B"]
[Result "0-1"]
[WhiteElo "2475"]
[BlackElo "2520"]
[Annotator "Schussler,H"]
[PlyCount "72"]
[EventDate "1991.01.??"]
[EventType "tourn"]
[EventRounds "11"]
[EventCountry "NED"]
[EventCategory "9"]
[SourceTitle "CBM 022"]
[Source "ChessBase"]
[SourceDate "1991.06.01"]
[SourceVersion "1"]
[SourceVersionDate "1991.06.01"]
[SourceQuality "1"]

1. d4 f5 2. g3 Nf6 3. Bg2 e6 4. c4 c6 5. Nf3 d5 6. O-O Bd6 7. b3 Qe7 8. Bb2 O-O
9. Qc1 b5 $5 {A rather new idea. Black prepares to meet Ba3 with b5-b4.} 10.
Ne5 a5 11. Nc3 a4 12. Qc2 a3 13. Bc1 bxc4 14. bxc4 Ba6 15. Bg5 Qa7 16. Rad1 Kh8
17. Bf4 Ne8 18. c5 Bxe5 19. Bxe5 Nd7 20. Bf4 e5 21. dxe5 Qxc5 22. Be3 Qe7 23.
f4 Nc7 24. Rfe1 Bc4 25. Nb1 Na6 26. Bc1 Nb4 27. Qd2 Nxa2 28. Bxa3 Rxa3 29. Nxa3
Qxa3 30. Ra1 Nc5 31. Reb1 h6 32. Bf3 Ra8 33. Rb2 {[#]} Nb3 34. Rbxa2 Qc5+ 35.
Kg2 Nxd2 36. Rxa8+ Kh7 {(1.59/1.56)} 0-1

[Event "Women-Veterans"]
[Site "Prague"]
[Date "1995.??.??"]
[Round "8"]
[White "Cramling, Pia"]
[Black "Smyslov, Vassily V"]
[Result "1-0"]
[WhiteElo "2510"]
[BlackElo "2540"]
[Annotator "Stohl,I"]
[PlyCount "111"]
[EventDate "1995.07.??"]
[EventType "schev"]
[EventRounds "5"]
[EventCountry "CZE"]
[SourceTitle "CBM 048"]
[Source "ChessBase"]
[SourceDate "1995.10.01"]
[SourceVersion "1"]
[SourceVersionDate "1995.10.01"]
[SourceQuality "1"]

1. d4 e6 2. c4 Bb4+ (2... b6 3. e4 (3. a3 Bb7 4. Nc3 f5 5. d5 Nf6 6. Nf3 Na6 (
6... g6 7. g3 Bg7 8. Bg2 O-O 9. O-O Na6 10. Rb1 Nc5 11. Nd2 Ne8 12. b4 Nd3 13.
exd3 Bxc3 14. Nf3 Bf6 15. dxe6 dxe6 16. Re1 Ng7 17. Ne5 Bxg2 18. Kxg2 Qd6 19.
Qe2 Rad8 20. Rb3 b5 21. Bb2 f4 22. Qe4 fxg3 23. hxg3 $16 {[%csl Rc6,Re6] קe6,
><c6,Tunik,G-Lempert,I/Orel/1995/}) (6... Bd6 7. g3 O-O 8. Bg2 Qe8 9. Nd4 Na6
10. O-O f4 11. gxf4 exd5 12. Ndb5 Qg6 13. Nxd6 cxd6 14. cxd5 Nc5 15. f3 a5 16.
e4 Ba6 17. f5 Qh5 18. Rf2 Nd3 19. Rd2 $16 {Quinteros,M-Garbarino,R/San Martin /
1995/}) 7. Bg5 h6 8. Bxf6 Qxf6 9. Qc2 O-O-O 10. O-O-O g5 11. g3 Bg7 12. Bg2 Nc5
13. Nd4 Rhf8 14. e3 e5 15. Nb3 Nxb3+ 16. Qxb3 e4 17. Kb1 Qe5 18. Rd2 Kb8 19.
Rc1 $13 {[%cal Rc4c5] /\c5->,Savon,V-Lempert,I/Orel/1995/}) 3... Bb7 4. Bd3 f5
5. Nc3 Bb4 6. Qh5+ g6 7. Qe2 Nf6 8. Bg5 fxe4 9. Bxe4 Bxe4 10. Bxf6 Qxf6 11.
Qxe4 O-O (11... Nc6 12. Nf3 Qf5 13. Qxf5 Bxc3+ 14. bxc3 exf5 15. Kd2 O-O 16. h4
h6 17. Kd3 Rae8 18. Rae1 d6 19. Re3 Kf7 20. Nd2 Nb8 21. Rf3 Kg7 22. Nf1 Re1 23.
Re3 Ra1 24. Re2 Nd7 25. Ng3 Rxh1 26. Nxh1 Nf6 27. Ng3 Kf7 28. Re1 Re8 29. Rxe8
Kxe8 30. Ke3 $10 {1/2-1/2,Sorin,A-Garbarino,R/San Martin/1995/}) 12. Nf3 Bxc3+
13. bxc3 Nc6 14. O-O Qf4 15. Qe2 Rf5 16. Nd2 Qh6 17. Ne4 Raf8 18. Rad1 Ne7 19.
Rd3 g5 20. Rh3 Qg7 21. Qd1 Ng6 22. Rg3 h6 23. Re3 Nf4 24. Ng3 R5f7 25. Nh5 Qg6
$15 {[%csl Rc3,Rc4] ><c3,c4,Iskusnyh,S-Lempert,I/Orel/1995/}) 3. Nd2 f5 4. g3
Nf6 5. Bg2 O-O (5... c5 $6 6. Ngf3 cxd4 7. Nxd4 Nc6 8. a3 Bxd2+ 9. Qxd2 Ne4 10.
Nxc6 bxc6 11. Qc2 d5 12. O-O O-O 13. b4 Ba6 14. c5 d4 15. Bxe4 fxe4 16. Qxe4
Qd5 17. Qxd5 exd5 18. Re1 Rae8 19. Bb2 Re4 20. Rad1 Rfe8 21. Bxd4 Bxe2 22. Rd2
g5 23. f4 $1 $16 {[%csl Gd4,Re2] ^-,Gulko,B-Shirazi,K/USA-ch/1992/}) 6. Ngf3 d6
7. O-O Bxd2 $8 (7... Qe7 $2 8. Nb3 $16 {[%csl Rb4] /\a3,ץb4}) 8. Qxd2 {
[%csl Gc1,Gg2] /\b3,Bb2^^} (8. Bxd2 Ne4 $132) 8... Qe7 9. b3 (9. Qc3 Nbd7 10.
b4 Ne4 11. Qb3 a5 12. b5 b6 13. Ne1 Bb7 14. f3 Nef6 15. Nd3 e5 16. dxe5 Nxe5
17. Nxe5 Qxe5 18. c5+ Bd5 19. f4 Qe6 20. Bxd5 Qxd5 21. Qxd5+ Nxd5 22. cxd6 cxd6
23. Rd1 $16 {Meulders,R-Kerkmeester,H/NLDchT 9495/1995/}) 9... e5 (9... Nbd7
10. Bb2 $14) (9... Nc6 $6 10. d5 $36 {[%csl Yd4,Yd5,Ye4,Ye5] [+]}) 10. dxe5
dxe5 11. Bb2 Nc6 (11... e4 12. Ne5 Rd8 13. Qe3 $14 {/\f3,^^}) 12. Rad1 a5 $6 (
12... Bd7 $5 $14 {[%cal Ya8e8,Yd7c8] /\Rae8,Bc8}) 13. Qc1 $1 Re8 (13... Bd7 14.
Ne1 $36 {[%cal Rb2a3] /\Ba3}) 14. Ne1 a4 (14... e4 $5 15. Nc2 Be6 16. Ne3 $14 {
[%csl Gb2,Gg2,Yc3,Yd4,Ye5,Yf6,Yg7,Yh8][%cal Ye3d5,Yf2f3,Yd1d8] /^a1-h8,<->d,^^,
/\f3,Nd5}) 15. Bxc6 $1 {[%csl Gb2,Rc8] ^-} bxc6 16. Nd3 axb3 17. axb3 e4 (17...
Nd7 18. f4 $5 exf4 (18... e4 19. Ne5 $16 {[%csl Rc6,Rc7][%cal Ya1h8] |^/^a1-h8,
><c7,c6}) 19. Qxf4 $36) 18. Ne5 $16 Bb7 (18... c5 19. Qe3 $16 {[%cal Yd1d2,
Yf1d1] /\Rd2,Rad1,<->d}) 19. Bc3 (19. Qg5 $2 Ra2 $132) 19... h6 20. Qf4 Ra3 (
20... Qe6 21. Ng6 $16) 21. Qxf5 Rxb3 22. Ba1 Bc8 23. Qf4 c5 24. Nc6 Qf7 25. Rb1
$1 Rb6 (25... Rxb1 26. Rxb1 Qxc4 $6 27. Bxf6 gxf6 28. Qxf6 $40) 26. Rxb6 cxb6 {
[%csl Rb6,Re4] קb6,e4} 27. Rd1 Ng4 (27... Bg4 28. Ne5 Qe6 29. Nxg4 Nxg4 30.
Rd6 Qxc4 31. Bxg7 $1 $40 {[%csl Rg8] עg8}) 28. Qxf7+ Kxf7 29. Rd6 {[%csl Rb6,
Re4,Rg7] ק} Nf6 (29... Re6 $2 30. Nd8+ $18) 30. Ne5+ Ke7 31. Rxb6 $18 Bh3 32.
Ng6+ Kf7 33. Nf4 Bf5 34. Bxf6 gxf6 35. Nd5 Re6 (35... Be6 36. Nc7 $18 {P_|_})
36. Rb7+ Kf8 37. Rb8+ Kf7 38. Rb7+ $138 Kf8 39. Rc7 Ra6 40. Kg2 (40. Rxc5 $6
Bh3 $132) 40... Bg4 41. Nc3 $1 Ra3 42. Nxe4 Bxe2 {/\Bf3-+} 43. Nxf6 Bxc4 44.
Nh7+ Kg8 45. Nf6+ Kf8 46. Rxc5 Be2 47. Nd7+ Kg7 (47... Ke7 48. Re5+ Kxd7 49.
Rxe2 $18) 48. Ne5 Kf6 49. g4 h5 50. g5+ $1 Ke6 (50... Kxg5 51. Nc4+ $18) 51. f4
Ra4 52. g6 {[%csl Gg6] o^g} Kf6 (52... Rxf4 53. g7 $18) 53. Rc6+ Kf5 (53... Kg7
54. f5 $18 {[%cal Rf5f6] /\f6}) 54. Rc8 Kxf4 (54... Kf6 55. Rf8+ Kg7 56. Rf7+
Kg8 57. Nd7 $18) 55. g7 Ra2 56. Kg1 $1 {/\g8Q} (56. g8=Q $2 Bc4+ 57. Kh1 (57.
Kh3 $2 Bf1+ $1) (57. Kg1 Ra1+ 58. Kf2 Ra2+ 59. Ke1 Bxg8 $10) 57... Bxg8 58.
Ng6+ Kf3 $10) 1-0